000 00482pab a2200181 454500
008 180718b2012 xxu||||| |||| 00| 0 eng d
100 _aSaez, Emmanuel
245 _aThe elasticity of taxable income with respect to marginal tax rates: A critical review
260 _c2012
300 _ap.3-50.
362 _aMar
650 _aIncome tax
700 _aGiertz, Seth H.
700 _aSelmrod, Joel
773 _aJournal of Economic Literature
908 _aN
909 _a96595
999 _c96595
_d96595